00627nam a22002057a 450000500170000001000130001702000220003003500130005203700160006504000120008108200160009324500970010926000410020627000640024730000230031150000210033465000260035565000210038170000190040220170124110117.0 aA-704975 c00.00a0195635302 aA-704975 bCen Lib/Ret aDPLbEN a954.08bSUB aSubaltern Studies V :cedited by Ranajit GuhabWritings on South Asian History and Society / aDelhibOxford University Pressc1994 aYMCA Library Building, Jai Singh Road bDelhie110001 ax,383p. c21cm(Hb) aIncludes index  aSocial stratification aReligious groups aGuha, Ranajit